Search the Library Catalogue
| 000 -LEADER | |
|---|---|
| fixed length control field | 00709nam a2200229Ia 4500 |
| 008 - FIXED-LENGTH DATA ELEMENTS--GENERAL INFORMATION | |
| fixed length control field | 191130s2007##################000#0#eng## |
| 020 ## - INTERNATIONAL STANDARD BOOK NUMBER | |
| ISBN | 9781842644133 |
| 082 ## - DEWEY DECIMAL CLASSIFICATION NUMBER | |
| Classification number | 310.25 EUR.1 |
| 245 ## - TITLE STATEMENT | |
| Title | World directory of non-official statistical sources |
| 250 ## - EDITION STATEMENT | |
| Edition statement | 5th ed |
| 260 ## - PUBLICATION, DISTRIBUTION, ETC. (IMPRINT) | |
| Place of publication | London |
| Name of publisher | Euromonitor International |
| Year of publication | 2007 |
| 300 ## - PHYSICAL DESCRIPTION | |
| Number of Pages | v. ; 30 cm. |
| 650 ## - SUBJECT ADDED ENTRY--TOPICAL TERM | |
| Topical Term | Statistical services --Directories |
| Topical Term | Statistics --Bibliography |
| Topical Term | Statistics --Directory |
| Topical Term | Statistics --Information services --Directories |
| Topical Term | Statistics --Periodicals |
| 991 ## - | |
| -- | 260422 |
No items available.